000 00596nam a2200193Ia 4500
003 GCL
008 140319s9999 xx 000 0 ara d
040 _aGCL /
_cGCL
082 0 4 _a152.58
_bز ب
100 1 _aزايد الحارثى
245 1 0 _aبناء الأستفتاءات وقياس الأتجاهات /
_cزايد الحارثى
260 _a[S.N] :
_bلجنة الاعلام والدراسات المستقبلية ،
_c1992
300 _a316 ص
490 _a
650 0 4 _aالاحصاء
650 0 4 _aالراى العام
650 0 4 _aالاستفتاء
942 _2ddc
_cBK
999 _c38919
_d38919